Statistieken voor Alle achtbanen NL

Klik hier om de quiz te nemen!

Algemene statistieken

  • Deze quiz is 5 keer genomen
  • De gemiddelde score is 10 van 15

Antwoordstatistieken

HintAntwoord% Correct
divebaron 1898
100%
big dipperlost gravity
100%
boomerangspeed of sound
100%
wingfenix
75%
megagoliath
75%
hout #1joris en de draak
75%
hybriduntamed
75%
splashvliegende hollander
75%
slccondor
50%
de beste achtbaan van nederlanddrako
50%
hout #2troy
50%
indoorvogelrok
50%
launchxpress platform 13
50%
motorboosterbike
25%
powerdmax & moritz
0%

Scoreverdeling

Percentiel versus Aantal Correcte Antwoorden

Procent van Mensen met Elke Score

Uw Scoregeschiedenis

U heeft deze quiz nog niet genomen